O vstupe SR do OECD rozhodne kvalita a úroveň ekonomiky

Obnovenie fungovania Slovenského podvýboru BIAC (Business and Industry Advisory Committee - Poradný výbor pre obchod a priemysel) pri OECD. Činnosť a úlohy BIAC. Činnosť národného podvýboru je jednou z podmienok prijatia krajiny do OECD. Pri vstupe Slovenska do OECD bude rozhodovať stav ekonomiky a...

ver descrição completa

Na minha lista:
Detalhes bibliográficos
Autor principal: Oujezdská, Lena
Formato: Capítulo de Livro
Idioma:eslovaco
Assuntos:
Tags: Adicionar Tag
Sem tags, seja o primeiro a adicionar uma tag!

MARC

LEADER 00000naa a2200000 4500
001 r035591
005 20230921103758.3
041 0 |a slo 
044 |a SK 
245 1 0 |a O vstupe SR do OECD rozhodne kvalita a úroveň ekonomiky  |c Lena Oujezdská 
520 |a Obnovenie fungovania Slovenského podvýboru BIAC (Business and Industry Advisory Committee - Poradný výbor pre obchod a priemysel) pri OECD. Činnosť a úlohy BIAC. Činnosť národného podvýboru je jednou z podmienok prijatia krajiny do OECD. Pri vstupe Slovenska do OECD bude rozhodovať stav ekonomiky a politická situácia. Určitá previazanosť členstva v OECD a v Európskej únii. 
610 2 0 |a spolupráca hospodárska medzinárodná 
610 2 0 |a integrácia ekonomická medzinárodná 
610 2 0 |a politika obchodná 
610 2 0 |a situácia hospodárska 
610 2 0 |a politika vnútorná 
610 2 0 |a Slovensko 
610 2 0 |a OECD 
100 1 |a Oujezdská, Lena